Diário de um Banana - Livros 1 a 18 - Statistics

Estatísticas Gerais
  • Esse quiz foi jogado 70 vezes
  • A pontuação média é 9 de 17
Estatísticas das Respostas
Número Livro % Correto
2 Rodrick é o Cara
93%
4 Dias de Cão
83%
5 A Verdade Nua e Crua
67%
7 Segurando Vela
62%
3 A Gota D'Água
60%
6 Casa dos Horrores
59%
9 Caindo na Estrada
57%
10 Bons Tempos
55%
12 Apertem os Cintos
50%
13 Batalha Neval
50%
11 Vai ou Racha
45%
14 Quebra Tudo
41%
15 Vai Fundo
40%
17 Fräwda Megaxeia
38%
16 Bola Fora
34%
18 Cabeça-Oca
29%
8 Maré do Azar
24%
Nenhum quiz correspondente encontrado
Distribuição das Pontuações
Porcentagem de Pessoas com Cada Pontuação
Percentil de Números Respondidos
Sua Pontuação Histórica
Você não jogou esse quiz